Self culture (Record no. 2223)
[ view plain ]
| 000 -LEADER | |
|---|---|
| campo de control de longitud fija | 00703nas a2200241 i 4500 |
| 001 - NÚMERO DE CONTROL | |
| campo de control | 2223 |
| 003 - IDENTIFICADOR DE NÚMERO DE CONTROL | |
| campo de control | ES-MaACL |
| 005 - FECHA Y HORA DE LA ÚLTIMA TRANSACCIÓN | |
| campo de control | 20250724062601.0 |
| 007 - CAMPO FIJO DE DESCRIPCIÓN FÍSICA--INFORMACIÓN GENERAL | |
| campo de control de longitud fija | t| |
| 008 - DATOS DE LONGITUD FIJA--INFORMACIÓN GENERAL | |
| campo de control de longitud fija | 950801c1898 xxu | | 1 ||ng d |
| 080 ## - NÚMERO DE LA CLASIFICACIÓN DECIMAL UNIVERSAL | |
| Número de la Clasificación Decimal Universal | 73 |
| 245 00 - MENCIÓN DEL TÍTULO | |
| Título | Self culture |
| Resto del título | : a magazine of knowledge / |
| Mención de responsabilidad, etc. | edited by William W. Hudson and G. Mercer Adam. |
| 260 ## - PUBLICACIÓN, DISTRIBUCIÓN, ETC. | |
| Lugar de publicación, distribución, etc. | Cleveland (Ohio : |
| Nombre del editor, distribuidor, etc. | Self culture magazine company, |
| Fecha de publicación, distribución, etc. | 1898- |
| 300 ## - DESCRIPCIÓN FÍSICA | |
| Extensión | 1 v. : |
| Otras características físicas | grab ; |
| Dimensiones | 25 cm. |
| 310 ## - PERIODICIDAD ACTUAL | |
| Periodicidad actual | Mensual |
| 362 0# - FECHAS DE PUBLICACIÓN Y/O DESIGNACIÓN SECUENCIAL | |
| Fecha de publicación y/o designación secuencial | (1898)- |
| 650 #7 - PUNTO DE ACCESO ADICIONAL DE MATERIA--TÉRMINO DE MATERIA | |
| Término de materia o nombre geográfico como elemento de entrada | Cultura |
| Fuente del encabezamiento o término | embne |
| 9 (RLIN) | 170963 |
| 700 1# - ENTRADA AGREGADA--NOMBRE PERSONAL | |
| Nombre de persona | Hudson, William W, |
| Término indicativo de función/relación | |
| 9 (RLIN) | 194444 |
| 700 1# - ENTRADA AGREGADA--NOMBRE PERSONAL | |
| Nombre de persona | Adam, G. Mercer. |
| 9 (RLIN) | 18358 |
| 852 ## - LOCALIZACIÓN | |
| Ubicación | ES-MaACL |
| Número de control de estantería | Hem-263 |
| 866 #0 - MENCIÓN TEXTUAL DE FONDOS--UNIDAD BIBLIOGRÁFICA BÁSICA | |
| Fondos | (1900). |
| Estatus retirado | Estado de pérdida | Estado de daño | No para préstamo | Colección | Biblioteca de origen | Biblioteca actual | Ubicación en estantería | Fecha de adquisición | Fuente de adquisición | Total de préstamos | Signatura topográfica completa | Código de barras | Visto por última vez | Precio de reemplazo | Tipo de ítem Koha |
|---|---|---|---|---|---|---|---|---|---|---|---|---|---|---|---|
| Periódicos y Revistas | Biblioteca del Ateneo de Madrid | Biblioteca del Ateneo de Madrid | Depósito 1 | 17/01/2008 | Hem-263 | 1002263 | 23/02/2023 | 23/02/2023 | Revista |
